000 00702nam a2200181Ia 4500
008 100920s9999 xx 000 0 und d
082 _b101804
_a--- न 08
100 _aबांदोडकर व. पु., बांदोडकर गो. पु.
245 _aहेरांना मारलेच पाहिजे.
260 _bप्रिया प्रकाशन,पुणे.
_c2008
300 _a216
_bसाधी
365 _b225
520 _aकादंबरी.
630 _aहेरांना मारलेच पाहिजे.
650 _aकादंबरी.
730 _aहेरांना मारलेच पाहिजे.
942 _cBOOK
999 _c742237
_d742234